Perfil de los factores que influyen en la productividad de la pequeña industria en la provincia de San José
Gorde:
| Egile nagusia: | |
|---|---|
| Beste egile batzuk: | , |
| Formatua: | Liburua |
| Argitaratua: |
San José, Costa Rica
1988
|
| Etiketak: |
Etiketa erantsi
Etiketarik gabe, Izan zaitez lehena erregistro honi etiketa jartzen!
|
MARC
| LEADER | 00000nam a2200000Ia 4500 | ||
|---|---|---|---|
| 003 | 005431 | ||
| 005 | 20221231144323.0 | ||
| 008 | 140114s1988 cr a m 000 ||s d | ||
| 040 | |c cru CEDI | ||
| 090 | |a TFG 2590 | ||
| 100 | |a Fonseca Retana, Leonel |9 11654 | ||
| 245 | |a Perfil de los factores que influyen en la productividad de la pequeña industria en la provincia de San José | ||
| 260 | |c 1988 |a San José, Costa Rica | ||
| 300 | |a xvii,260 [40] hojas : ilustraciones | ||
| 500 | |a Proyecto de graduación (bachiller en ingeniería industrial)--Universidad de Costa Rica. Facultad de Ingeniería. Escuela de Ingeniería Industrial | ||
| 700 | |9 12475 |a Mantilla López, Luis | ||
| 700 | |9 12476 |a Mora Ruiz, Marianela | ||
| 942 | |c TFG | ||
| 999 | |c 20118 |d 20118 | ||
